| 000 | 00789nam a2200253Ia 4500 | ||
|---|---|---|---|
| 003 | OSt | ||
| 005 | 20220924121522.0 | ||
| 006 | a|||||r|||| 00| 0 | ||
| 007 | ta | ||
| 008 | 220923b |||||||| |||| 00| 0 ara d | ||
| 024 | _a345009 | ||
| 037 | _cTextual | ||
| 040 |
_aARTS _cARTS _bara |
||
| 041 |
_2ara _aara |
||
| 082 | _aV467.B, 28L3 | ||
| 100 |
_aIraq Shekh Noman bin Mohammad Au. _9186217 |
||
| 245 | 0 | _aMadan al-jawahar ba tareekh al-basar wa al-jazair | |
| 260 |
_aIslamabad _bMatba mahad al-bahoos Pakistan _c1973 |
||
| 300 |
_a165p. _ccm. |
||
| 650 | _aIRAQ - HISTORY | ||
| 700 |
_a Hameedullah Mohammad Ed. _9186218 |
||
| 942 |
_hV467.B, 28L3 _cTEXL _2CC |
||
| 999 |
_c407855 _d407855 |
||